000 00452nam a22001817a 4500
005 20230116101415.0
008 190603b xxu||||| |||| 00| 0 eng d
020 _a978-93-86700-05-9
041 _aeng
082 _a615.19
_bKOK-S
100 _aKOKARE, PROF. CHANDRAKANT
_95016
245 _aSTERILE PRODUCTS
250 _a1st, Ed. 2017
260 _aPUNE
_bNIRALI PRAKASHAN
300 _aB.2p,
650 _aPHARMACY
_xB.PHARMA
_97083
942 _cBK
999 _c5911
_d5909